| 000 | 01258cam a2200373 a 4500 | ||
|---|---|---|---|
| 999 |
_c11441 _d11441 |
||
| 001 | 17230957 | ||
| 003 | OSt | ||
| 005 | 20200129150301.0 | ||
| 007 | ta | ||
| 008 | 120106s2012 ii b 000 0 eng d | ||
| 010 | _a 2012335001 | ||
| 020 | _a9788183875172 | ||
| 020 | _a8183875173 | ||
| 025 | _aI-E-2012-335001; 80-24 | ||
| 035 | _a(OCoLC)ocn773522844 | ||
| 035 | _a(OCoLC)773522844 | ||
| 037 | _aLibrary of Congress -- New Delhi Overseas Office | ||
| 040 |
_aDKAGE _beng _cDKAGE _dOCLCQ _dDLC |
||
| 042 |
_alccopycat _alcode |
||
| 043 | _aa-ii--- | ||
| 050 | 0 | 0 |
_aHD70.I42 _bK476 2012 |
| 082 | 0 | 4 |
_a658.00954 _223 _bMAT/M |
| 100 |
_aMathews, G G _91632 |
||
| 245 | 1 | 0 |
_aManagement styles in industries of Kerala / _cG.G. Mathews, K. Sreeranganadhan. |
| 260 |
_aNew Delhi : _bSerials Publications, _c2012. |
||
| 300 |
_axii, 184 p. ; _c23 cm. |
||
| 504 | _aIncludes bibliographical references (p. [162]-172). | ||
| 650 | 0 |
_aIndustrial management _zIndia _zKerala. |
|
| 650 | 0 |
_aIndustries _zIndia _zKerala. |
|
| 700 | 1 |
_aSreeranganadhan, K. _91658 |
|
| 906 |
_a7 _bcbc _ccopycat _d3 _encip _f20 _gy-gencatlg |
||
| 942 |
_2ddc _cBK _h658.00954 _iMAT/M _k658.00954 _mMAT/M |
||